Plan de publicacions docents aprovat pel Consell Directiu a proposta de la 'Comissió Tècnica' i 'Secció Editorial Pedagògica' reunides / Associació Protectora de l'Ensenyança Catalana
Descripción Física:
[3] p. ; 29 cm
MARC
| LEADER | 00000nam a2200000Ia 4500 | ||
|---|---|---|---|
| 001 | 20711 | ||
| 008 | 160829s1917 xx 000 0 cat d | ||
| 080 | |a 3400, exp. 14 | ||
| 110 | 2 | |a Associació Protectora de l'Ensenyança Catalana |9 56179 | |
| 245 | |a Plan de publicacions docents aprovat pel Consell Directiu a proposta de la 'Comissió Tècnica' i 'Secció Editorial Pedagògica' reunides / Associació Protectora de l'Ensenyança Catalana | ||
| 260 | |a Barcelona : |b Impremta Catalònia, |c 1917 | ||
| 300 | |a [3] p. ; |c 29 cm | ||
| 650 | |a Català |x Ensenyament primari |9 43610 | ||
| 650 | |a Ensenyament |x Bibliografia |9 43611 | ||
| 901 | |a Arxiu | ||
| 942 | |n 1 | ||
| 952 | |0 0 |1 0 |4 0 |6 3400_EXP_14 |7 1 |9 51533 |a Arxiu |b Arxiu |d 2016-12-01 |l 0 |o 3400, exp. 14 |p 20711 |r 2016-12-01 00:00:00 |w 2016-12-01 |y ARXIU | ||
| 999 | |c 55378 |d 55378 | ||